000 00651nam a2200181Ia 4500
008 090124s9999 xx 000 0 und d
082 _b24862
100 _aभाले डॉ. व. द.
245 _a स्वातंत्र्याची संकल्पना
250 _a1
260 _bसांगाती प्रकाशन
_c1986
300 _a154
600 _aभाले डॉ. व. द.
630 _a स्वातंत्र्याची संकल्पना
700 _aभाले डॉ. व. द.
730 _a स्वातंत्र्याची संकल्पना
942 _cBOOK
999 _c93318
_d93318